000 00357nam a22001577a 4500
003 OSt
008 230221b |||||||| |||| 00| 0 eng d
041 _aeng
082 _a954.83
_bJAL/RE
100 _aJaleel, K.T
_95370
245 _aRevisiting malabar rebellion 1921
250 _a1st
260 _aKozhikode
_bLipi
_c2018
300 _a224
942 _cBK
999 _c17622
_d17622